000 03923cam a2200349 4500500
005 20260419004727.0
041 _afre
042 _adc
100 1 0 _aAdrianzen Lapouble, Claudia
_eauthor
700 1 0 _aBolka-Tabary, Laure
_eauthor
700 1 0 _aKergosien, Eric
_eauthor
245 0 0 _aConcevoir une émission de médiation scientifique à l’échelle d’une université : logiques d’acteurs et enjeux de médiation
260 _c2026.
500 _a50
520 _aLa Grande Enquête !, émission télévisée au cœur du Projet MérLin – portée par l’Université de Lille dans le cadre du label SAPS – illustre l’implication croissante des universités dans la médiation scientifique. En tant que membres du comité de rédaction de l’émission, notre équipe de chercheur·e·s en Sciences de l’Information et de la Communication a participé à la conception et à la réalisation de cette émission télévisée scientifique, et observer la complexité des dynamiques éditoriales issues du partenariat entre université, chaîne de télévision et association de médiation scientifique. Grâce à une méthodologie mixte combinant entretiens semi-directifs avec les acteur·ice·s du projet, observation participante et analyse des émissions, l’article examine la construction éditoriale et la médiation des savoirs scientifiques dans une émission télévisée co-réalisée en contexte universitaire.
520 _aLa Grande Enquête!, a television program at the heart of the MérLin Project — led by the University of Lille under the SAPS label — demonstrates the growing involvement of universities in science communication. As members of its editorial board, our team of communication sciences researchers was able to participate in the conception and production of this scientific television program, and to observe the complexities of its editorial dynamics, resulting from the partnership between the university, a television channel, and a scientific culture association. Using a mixed-method approach that combines semi-structured interviews with project stakeholders, participant observation, and an analysis of the episodes, the study examines the editorial construction and the dissemination of scientific knowledge within a television program co-produced in an academic context.
520 _aLa Grande Enquête!, programa de televisión central al Proyecto MérLin — conducido por la Universidad de Lille en el marco del Labell SAPS — demuestra la creciente implicación de las universidades en la divulgación científica. Como miembros del comité editorial, nuestro equipo de investigadores en ciencias de la comunicación ha podido participar a la creación y producción de este programa y observar las complejas dinàmicas editoriales de un objeto audiovisual que asocia la universidad, un canal de televisión y una asociación de cultura científica. Utilizando un enfoque metodológico mixto que combina entrevistas con los actores del proyecto, observación participante y un análisis de los episodios, el estudio examina la construcción editorial y la difusión del conocimiento científico en un programa de televisión coproducido en un contexto académico.
690 _aémission télévisée
690 _amédiation des savoirs
690 _aMédiation scientifique
690 _aobservation participante.
690 _aSaps
690 _ascience-société
690 _aparticipant observation.
690 _aSaps
690 _aScience communication
690 _ascience outreach
690 _ascience-society relationship
690 _atelevision program
786 0 _nLes Enjeux de l'information et de la communication | 25/1 | 1 | 2026-01-01 | p. 40-53
856 4 1 _uhttps://shs.cairn.info/revue-les-enjeux-de-l-information-et-de-la-communication-2025-1-page-40?lang=fr&redirect-ssocas=7080
999 _c2215647
_d2215647